| Tag |
First Indicator |
Second Indicator |
Subfields |
| LEADER |
00000uam a2200000 a 4500 |
| 001 |
in00004248721 |
| 005 |
20260128155105.1 |
| 006 |
m o d |
| 007 |
cr cn |
| 008 |
160813s1998 xx o eng |
| 020 |
|
|
|z 9781604915068
|
| 035 |
|
|
|a (CaSebORM)9781604915068
|
| 040 |
|
|
|d UtOrBLW
|
| 041 |
0 |
|
|a eng
|
| 100 |
1 |
|
|a Hughes, Richard,
|e author.
|0 http://id.loc.gov/authorities/names/n77017190
|
| 245 |
1 |
0 |
|a Leadership in Action :
|b Strategic Leadership /
|c Hughes, Richard.
|
| 264 |
|
1 |
|b Center for Creative Leadership,
|c 1998.
|
| 300 |
|
|
|a 1 online resource (8 pages)
|
| 336 |
|
|
|a text
|b txt
|2 rdacontent
|
| 337 |
|
|
|a computer
|b c
|2 rdamedia
|
| 338 |
|
|
|a online resource
|b cr
|2 rdacarrier
|
| 347 |
|
|
|a text file
|
| 520 |
|
|
|a There are three basic ways of looking at strategic leadership.
|
| 533 |
|
|
|a Electronic reproduction.
|b Boston, MA :
|c Safari,
|n Available via World Wide Web.
|d 1998.
|
| 538 |
|
|
|a Mode of access: World Wide Web.
|
| 542 |
|
|
|f Copyright © 1998 CCL
|g 1998
|
| 588 |
|
|
|a Online resource; Title from title page (viewed January 1, 1998)
|
| 500 |
|
|
|a Electronic resource.
|
| 655 |
|
7 |
|a Electronic books.
|2 local
|
| 710 |
2 |
|
|a Safari, an O'Reilly Media Company.
|
| 856 |
4 |
0 |
|u https://proxy.library.tamu.edu/login?url=https://go.oreilly.com/TAMU/library/view/-/9781604915068/?ar
|z Connect to this electronic resource
|t 0
|
| 999 |
f |
f |
|s f69c8e86-4fda-3f10-b875-84020839d179
|i 990d11ad-ea5b-375c-a717-06875f38aa14
|t 0
|
| 952 |
f |
f |
|a Texas A&M University
|b College Station
|c Electronic Resources
|s www_evans
|d Available Online
|t 0
|h No information provided
|
| 998 |
f |
f |
|t 0
|l Available Online
|